000 00712pam a2200217 a 4500
001 2385940
005 20180129033956.0
008 850318s1985 ctua b 001 0 eng
010 _a 85006361
020 _a089930107X (lib. bdg. : alk. paper)
040 _aDLC
_cDLC
_dDLC
041 _aeng
080 _a658.40355 kre
082 0 0 _a658.40355 kre
_219
100 1 _a58
101 _abus
245 1 0 _aPractical techniques of business forecasting :
_cGeorge Kress ; foreword by Al Migliaro.
504 _aIncludes bibliographies and index.
906 _a7
_bcbc
_corignew
_d1
_eocip
_f19
_gy-gencatlg
942 _2ddc
_cBK
999 _c41116
_d41116